Adobe Flash Catalyst CS5 classroom in a book : (Record no. 16785)
[ view plain ]
| 000 -LEADER | |
|---|---|
| fixed length control field | 00874nam a22002657a 4500 |
| 003 - CONTROL NUMBER IDENTIFIER | |
| control field | OSt |
| 005 - DATE AND TIME OF LATEST TRANSACTION | |
| control field | 20180604111316.0 |
| 008 - FIXED-LENGTH DATA ELEMENTS--GENERAL INFORMATION | |
| fixed length control field | 180604b ||||| |||| 00| 0 eng d |
| 020 ## - INTERNATIONAL STANDARD BOOK NUMBER | |
| International Standard Book Number | 9780321703583 |
| 020 ## - INTERNATIONAL STANDARD BOOK NUMBER | |
| International Standard Book Number | 0321703588 |
| 040 ## - CATALOGING SOURCE | |
| Original cataloging agency | SEKU |
| 050 ## - LIBRARY OF CONGRESS CALL NUMBER | |
| Classification number | T 385 |
| Item number | .A36 |
| 245 00 - TITLE STATEMENT | |
| Title | Adobe Flash Catalyst CS5 classroom in a book : |
| Remainder of title | the official training workbook from Adobe Systems / |
| Statement of responsibility, etc. | [contributor, Scott Tapley]. |
| 260 ## - PUBLICATION, DISTRIBUTION, ETC. (IMPRINT) | |
| Place of publication, distribution, etc. | Berkeley, Calif. : |
| Name of publisher, distributor, etc. | Peachpit, |
| Date of publication, distribution, etc. | 2010. |
| 300 ## - PHYSICAL DESCRIPTION | |
| Extent | 273 p. : |
| Other physical details | ill. |
| 504 ## - BIBLIOGRAPHY, ETC. NOTE | |
| Bibliography, etc | Includes index. |
| 650 #0 - SUBJECT ADDED ENTRY--TOPICAL TERM | |
| Topical term or geographic name as entry element | Computer animation. |
| 650 #0 - SUBJECT ADDED ENTRY--TOPICAL TERM | |
| Topical term or geographic name as entry element | Interactive multimedia. |
| 650 #0 - SUBJECT ADDED ENTRY--TOPICAL TERM | |
| Topical term or geographic name as entry element | Web sites |
| General subdivision | Design. |
| 650 #0 - SUBJECT ADDED ENTRY--TOPICAL TERM | |
| Topical term or geographic name as entry element | Flash (Computer files) |
| 700 1# - ADDED ENTRY--PERSONAL NAME | |
| Personal name | Tapley, Scott. |
| 710 2# - ADDED ENTRY--CORPORATE NAME | |
| Corporate name or jurisdiction name as entry element | Adobe Systems. |
| 942 ## - ADDED ENTRY ELEMENTS (KOHA) | |
| Source of classification or shelving scheme | Library of Congress Classification |
| Koha item type | General circulation |
| Withdrawn status | Lost status | Source of classification or shelving scheme | Damaged status | Not for loan | Home library | Current library | Shelving location | Date acquired | Source of acquisition | Total Checkouts | Full call number | Barcode | Date last seen | Price effective from | Koha item type |
|---|---|---|---|---|---|---|---|---|---|---|---|---|---|---|---|
| Library of Congress Classification | Main Campus Library | Main Campus Library | General Stacks | 04/06/2018 | Books For Africa | T 385 .A36 | 2015/006204 | 04/06/2018 | 04/06/2018 | General circulation | |||||
| Library of Congress Classification | Main Campus Library | Main Campus Library | General Stacks | 04/06/2018 | Books For Africa | T 385 .A36 | 2015/005691 | 04/06/2018 | 04/06/2018 | General circulation | |||||
| Library of Congress Classification | Main Campus Library | Main Campus Library | General Stacks | 04/06/2018 | Books For Africa | T 385 .A36 | 2015/006203 | 04/06/2018 | 04/06/2018 | General circulation | |||||
| Library of Congress Classification | Main Campus Library | Main Campus Library | General Stacks | 04/06/2018 | Books For Africa | T 385 .A36 | 2015/006202 | 04/06/2018 | 04/06/2018 | General circulation | |||||
| Library of Congress Classification | Main Campus Library | Main Campus Library | General Stacks | 04/06/2018 | Books For Africa | T 385 .A36 | 2015/006205 | 04/06/2018 | 04/06/2018 | General circulation | |||||
| Library of Congress Classification | Main Campus Library | Main Campus Library | General Stacks | 04/06/2018 | Books For Africa | T 385 .A36 | 2015/016409 | 04/06/2018 | 04/06/2018 | General circulation | |||||
| Library of Congress Classification | Main Campus Library | Main Campus Library | General Stacks | 04/06/2018 | Books For Africa | T 385 .A36 | 2015/016410 | 04/06/2018 | 04/06/2018 | General circulation |